Word Ladder: On the Third Day... Quiz Stats

 Plays Quiz Updated Apr 21, 2019

Score 0/12 Timer 01:30
1 Play Today
Clue 3-Letter Word % Correct
Listening organEAR
98.6%
Years in a decadeTEN
98.3%
Crime against GodSIN
97.3%
• Nearest star •• SUN •
96.4%
Chelsea or hot cross, e.g.BUN
95.1%
Cigarette ingredientTAR
94.9%
Element between indium and antimonyTIN
94.2%
Embargo or prohibitBAN
93.9%
Coastal inletBAY
90.9%
• Thrice, in Latin •• TER •
90.7%
• Single rotation of the Earth •• DAY •
89.7%
• Gaelic waterfall •• EAS •
46.8%

Today's Daily Dose

Missing Word
1940s A-Z

Quick Pick
'S' Athletes

Get the Picture
Depp or Bonham Carter

You're not logged in!

Compare scores with friends on all Sporcle quizzes.
OR
Log In

Sporcle TV

Today on Sporcle TV


Watch our educational content, quiz creation guides, and fun videos on Sporcle TV.

Show Comments

Extras

Top Quizzes Today


Score Distribution

Your Account Isn't Verified!

In order to create a playlist on Sporcle, you need to verify the email address you used during registration. Go to your Sporcle Settings to finish the process.

Report this User

Report this user for behavior that violates our Community Guidelines.

Details: